[Event "6th EUR-ch (w)"]
[Site "Chisinau MDA"]
[Date "2005.06.23"]
[Round "12"]
[White "Demina, Yulia"]
[Black "Vozovic, Oksana"]
[Result "0-1"]
[WhiteElo "2346"]
[BlackElo "2288"]
[EventDate "2005.06.10"]
[PlyCount "136"]

1.Nf3 g6 2.g3 Bg7 3.d4 c5 4.c4 cxd4 5.Nxd4 Qb6 6.Nb5 a6 7.N5c3 Qc6 8.Qd5 
Nf6 9.Qxc6 Nxc6 10.Bg2 d6 11.O-O Bd7 12.Nd5 Nxd5 13.Bxd5 O-O 14.Na3 Rab8 
15.Rd1 b5 16.cxb5 axb5 17.Nc2 Rfc8 18.a3 Na5 19.Nb4 Nc4 20.Ra2 Nb6 21.Bg5 
Kf8 22.Bb3 Nc4 23.Bc1 Be6 24.Re1 h5 25.h4 Bd4 26.Nd3 Bg7 27.Nf4 Bf5 28.e4 
Bxe4 29.Rxe4 Na5 30.Bd1 Rxc1 31.Re1 e6 32.Nd3 Rc7 33.Kg2 d5 34.Re2 Rbc8 
35.a4 bxa4 36.Rxa4 Nc4 37.Ra6 Bd4 38.b3 Nb6 39.Rd2 Nd7 40.g4 hxg4 41.Bxg4 
Nf6 42.Be2 Ne4 43.Rda2 Nc3 44.Rb2 Nxe2 45.Rxe2 Rc3 46.Nf4 Rxb3 47.Rexe6 
fxe6 48.Nxe6+ Kf7 49.Nxd4 Rb2 50.Rd6 Rc5 51.Nf3 Rcc2 52.Ng5+ Kg7 53.Rxd5 
Rxf2+ 54.Kg3 Rg2+ 55.Kh3 Rgd2 56.Re5 Rb3+ 57.Kg4 Rd4+ 58.Ne4 Kh6 59.h5 
Rbb4 60.Kf4 Rxe4+ 61.Rxe4 Rxe4+ 62.Kxe4 Kxh5 63.Kf3 Kh4 64.Kg2 Kg4 65.Kh2 
Kf3 66.Kh3 g5 67.Kh2 g4 68.Kg1 Kg3 0-1

[Event "6th EUR-ch (w)"]
[Site "Chisinau MDA"]
[Date "2005.06.23"]
[Round "12"]
[White "Guseva, Marina"]
[Black "Goreskul, Alyona"]
[Result "1-0"]
[WhiteElo "2264"]
[BlackElo "2323"]
[EventDate "2005.06.10"]
[PlyCount "135"]

1.Nf3 f5 2.d4 Nf6 3.g3 g6 4.Bg2 Bg7 5.O-O O-O 6.c4 d6 7.b3 c6 8.Bb2 Na6 9.
Nbd2 Nc7 10.e3 Qe8 11.Qc2 Nh5 12.c5 Be6 13.Nc4 Qd7 14.cxd6 exd6 15.Ng5 Bd5
16.Ba3 Nb5 17.Bb2 Bxg2 18.Kxg2 h6 19.Nf3 Rae8 20.Rad1 Nc7 21.a4 Nd5 22.Bc1
g5 23.Rfe1 Nhf6 24.h4 g4 25.Ng1 Qe6 26.Ne2 b5 27.Nd2 Nb4 28.Qb1 Nfd5 29.
Ba3 Na6 30.axb5 cxb5 31.Qd3 Qd7 32.Nb1 Nab4 33.Bxb4 Nxb4 34.Qd2 Nd5 35.
Nbc3 Qb7 36.Kg1 Rc8 37.Nxd5 Qxd5 38.Nf4 Qxb3 39.Rb1 Qc2 40.Qxc2 Rxc2 41.
Rxb5 Ra2 42.Rc1 Rf7 43.Rc8+ Kh7 44.Rc6 Bf8 45.Ne6 d5 46.Nxf8+ Rxf8 47.Rb7+
Kg8 48.Rg6+ Kh8 49.Rxh6+ Kg8 50.Rhh7 Ra8 51.h5 Ra6 52.h6 Rg6 53.Rxa7 Rxa7 
54.Rxa7 Rxh6 55.Rd7 Rf6 56.Kg2 Kf8 57.f3 Ke8 58.Rxd5 Ke7 59.fxg4 fxg4 60.
Rg5 Rf3 61.e4 Rd3 62.d5 Rd2+ 63.Kf1 Kd6 64.Ke1 Rg2 65.Rxg4 Ke5 66.Rg8 Ra2 
67.Re8+ Kd6 68.g4 1-0

[Event "6th EUR-ch (w)"]
[Site "Chisinau MDA"]
[Date "2005.06.23"]
[Round "12"]
[White "Molchanova, Tatiana"]
[Black "Mamedyarova, Zeinab"]
[Result "1-0"]
[WhiteElo "2315"]
[BlackElo "2286"]
[EventDate "2005.06.10"]
[PlyCount "105"]

1.e4 e5 2.Nf3 Nf6 3.Nxe5 d6 4.Nf3 Nxe4 5.d4 d5 6.Bd3 Bd6 7.O-O O-O 8.c4 c6
9.Qc2 Na6 10.a3 Bg4 11.Ne5 Bf5 12.Be3 Nac5 13.dxc5 Bxe5 14.cxd5 cxd5 15.
Nc3 Re8 16.Rad1 Qc7 17.g3 Nxc3 18.bxc3 Bg4 19.Bxh7+ Kh8 20.Rxd5 Be6 21.Rd2
g6 22.Bxg6 fxg6 23.Qxg6 Qh7 24.Qg5 Qf5 25.Qh4+ Qh7 26.Bd4 Bxd4 27.Qxd4+ 
Qg7 28.Re1 Qxd4 29.cxd4 Bd5 30.Re5 Rad8 31.f4 Kg7 32.Kf2 Kf7 33.Rde2 Bc6 
34.Rf5+ Kg6 35.Rg5+ Kf6 36.Rxe8 Rxe8 37.Re5 Rd8 38.Ke3 Bd5 39.g4 Bc6 40.h4
Bd7 41.f5 Rh8 42.g5+ Kf7 43.f6 Kg6 44.Re7 Re8 45.Rxe8 Bxe8 46.Kf4 Bc6 47.
Ke5 Bf3 48.d5 Bg4 49.d6 Bc8 50.h5+ Kh7 51.g6+ Kh6 52.f7 Kg7 53.h6+ 1-0

[Event "6th EUR-ch (w)"]
[Site "Chisinau MDA"]
[Date "2005.06.23"]
[Round "12"]
[White "Sharevich, Anna"]
[Black "Kostiuk, Tatiana"]
[Result "1-0"]
[WhiteElo "2278"]
[BlackElo "2313"]
[EventDate "2005.06.10"]
[PlyCount "71"]

1.d4 Nf6 2.c4 c5 3.d5 b5 4.cxb5 a6 5.b6 g6 6.Nc3 d6 7.Nf3 Nbd7 8.e4 Bg7 9.
Be2 O-O 10.O-O Nxb6 11.Bf4 Bg4 12.a4 a5 13.Nd2 Bxe2 14.Qxe2 Qc8 15.h3 Qa6 
16.Nb5 Rab8 17.Nc4 Nfd7 18.b3 Bxa1 19.Rxa1 Nxc4 20.bxc4 Qb6 21.Bh6 Rfe8 
22.Qb2 f6 23.Bd2 e6 24.Qc3 exd5 25.exd5 Ra8 26.Bf4 Ne5 27.Bd2 Ra6 28.Re1 
Raa8 29.f4 Nd7 30.Re6 Kg7 31.Rxd6 Qd8 32.Bc1 Re4 33.Bb2 Rxf4 34.Qe3 Rf5 
35.Qe6 Nf8 36.Rxd8 1-0

[Event "6th EUR-ch (w)"]
[Site "Chisinau MDA"]
[Date "2005.06.23"]
[Round "12"]
[White "Kochetkova, Yulia"]
[Black "Andriasian, Siranush"]
[Result "1/2-1/2"]
[WhiteElo "2311"]
[BlackElo "2263"]
[EventDate "2005.06.10"]
[PlyCount "72"]

1.e4 c5 2.Nf3 e6 3.d4 cxd4 4.Nxd4 a6 5.Bd3 Bc5 6.Nb3 Be7 7.Nc3 d6 8.O-O 
Nf6 9.f4 Qc7 10.Qf3 O-O 11.Bd2 Nc6 12.a3 Rb8 13.Rae1 b5 14.Kh1 b4 15.Ne2 
e5 16.f5 a5 17.a4 Bb7 18.Ng3 Rfd8 19.Bg5 d5 20.Bxf6 Bxf6 21.Nh5 Ne7 22.Qg4
Kh8 23.Re3 dxe4 24.Bxe4 Bxe4 25.Qxe4 Rbc8 26.c3 bxc3 27.Rxc3 Qb6 28.Rh3 
Qf2 29.Rf3 Qxb2 30.Nxf6 gxf6 31.Qb7 Rg8 32.R3f2 Rc2 33.Qxe7 Rxf2 34.Qxf6+ 
Rg7 35.Qd8+ Rg8 36.Qf6+ Rg7 1/2-1/2

[Event "6th EUR-ch (w)"]
[Site "Chisinau MDA"]
[Date "2005.06.23"]
[Round "12"]
[White "Tsereteli, Tamara"]
[Black "Rohonyan, Kateryna"]
[Result "1/2-1/2"]
[WhiteElo "2273"]
[BlackElo "2309"]
[EventDate "2005.06.10"]
[PlyCount "90"]

1.e4 c5 2.Nf3 Nc6 3.d4 cxd4 4.Nxd4 g6 5.c4 Bg7 6.Nc2 Nf6 7.Nc3 O-O 8.Be2 
b6 9.O-O Bb7 10.Ne3 Rc8 11.Rb1 d6 12.b3 Rc7 13.Bb2 Rd7 14.Ned5 e6 15.Nxf6+
Bxf6 16.Nb5 a6 17.Nc3 Ne7 18.Qc2 Bg7 19.Rbd1 Qa8 20.f3 Bc6 21.Rfe1 Rc8 22.
Qb1 Rcc7 23.Qa1 Qf8 24.Bf1 Be5 25.Ne2 Qg7 26.Bxe5 Qxe5 27.Qxe5 dxe5 28.Nc3
Kf8 29.Kf2 Rd4 30.Ne2 Rdd7 31.Nc3 Nc8 32.Rxd7 Rxd7 33.Rd1 Ke7 34.Rxd7+ 
Bxd7 35.c5 b5 36.b4 Na7 37.Ke3 Nc6 38.a3 Nd4 39.Bd3 Bc6 40.Ne2 Nxe2 41.
Bxe2 f5 42.g3 fxe4 43.fxe4 h6 44.h4 Kf6 45.g4 g5 1/2-1/2

[Event "6th EUR-ch (w)"]
[Site "Chisinau MDA"]
[Date "2005.06.23"]
[Round "12"]
[White "Srebrnic, Ana"]
[Black "Repkova, Eva"]
[Result "1/2-1/2"]
[WhiteElo "2221"]
[BlackElo "2392"]
[EventDate "2005.06.10"]
[PlyCount "128"]

1.Nf3 d5 2.d4 e6 3.c4 Nf6 4.Nc3 c5 5.cxd5 cxd4 6.Qxd4 exd5 7.e4 Nc6 8.Bb5 
Nxe4 9.Nxe4 dxe4 10.Qxd8+ Kxd8 11.Ng5 Bb4+ 12.Bd2 Bxd2+ 13.Kxd2 Re8 14.
Bxc6 bxc6 15.Nxf7+ Kc7 16.Ke3 h6 17.Rhd1 Bg4 18.Rd4 Rab8 19.b3 Re6 20.Rxe4
Rb5 21.f4 Rxe4+ 22.Kxe4 Rc5 23.Ne5 Be6 24.Kd3 Bf5+ 25.Kd4 Rc2 26.g4 Be6 
27.f5 Bd5 28.Re1 Rxh2 29.Nc4 Kd7 30.Ne5+ Kd6 31.Nc4+ Kd7 32.a3 Rh3 33.Ne3 
Bxb3 34.Rb1 c5+ 35.Ke4 c4 36.Rc1 Kd6 37.Nxc4+ Bxc4 38.Rxc4 Rxa3 39.Rd4+ 
Ke7 40.Rc4 Ra6 41.Rc7+ Kf6 42.Kf4 g5+ 43.fxg6 Kxg6 44.Kg3 Kf6 45.Kh4 Kg6 
46.Rd7 Kf6 47.Rc7 Ke5 48.Re7+ Kf4 49.Rf7+ Ke4 50.Kh5 Ke3 51.Kh4 Ra1 52.Kg3
a5 53.Re7+ Kd4 54.Re6 Rg1+ 55.Kf3 Kc3 56.Rxh6 a4 57.Ra6 Kb3 58.Rb6+ Kc4 
59.Ra6 Kb3 60.Rb6+ Ka2 61.Kf4 a3 62.g5 Rf1+ 63.Ke5 Rb1 64.Ra6 Rb8 1/2-1/2

[Event "6th EUR-ch (w)"]
[Site "Chisinau MDA"]
[Date "2005.06.23"]
[Round "12"]
[White "Celuskina, Irina"]
[Black "Dolukhanova, Evgeniya"]
[Result "0-1"]
[WhiteElo "2369"]
[BlackElo "2251"]
[EventDate "2005.06.10"]
[PlyCount "74"]

1.c4 c6 2.Nf3 d5 3.e3 Nf6 4.b3 e6 5.Bb2 Nbd7 6.Be2 Bd6 7.O-O O-O 8.d4 Ne4 
9.g3 Qe7 10.Ne1 dxc4 11.Qc2 Nef6 12.bxc4 e5 13.Ng2 Re8 14.Nc3 Nf8 15.Rfe1 
Bh3 16.c5 Bc7 17.Ne4 exd4 18.Nxf6+ Qxf6 19.Bxd4 Be5 20.Bxe5 Qxe5 21.Nf4 
Bf5 22.Qb3 Re7 23.Rac1 Ne6 24.Nxe6 Bxe6 25.Bc4 Bxc4 26.Rxc4 Rd8 27.Qb4 h6 
28.h4 Red7 29.Re4 Qf5 30.Rd4 Rxd4 31.exd4 Rd7 32.Re8+ Kh7 33.Rb8 Qe4 34.
Rxb7 Rxd4 35.Qb3 Rc4 36.Qd1 Rd4 37.Qh5 Rd5 0-1

[Event "6th EUR-ch (w)"]
[Site "Chisinau MDA"]
[Date "2005.06.23"]
[Round "12"]
[White "Tsoganova, Monika"]
[Black "Petrenko, Svetlana"]
[Result "1/2-1/2"]
[WhiteElo "2211"]
[BlackElo "2348"]
[EventDate "2005.06.10"]
[PlyCount "80"]

1.d4 Nf6 2.c4 g6 3.Nc3 Bg7 4.Nf3 O-O 5.Bf4 d6 6.h3 Nbd7 7.e3 Nh5 8.Bh2 f5 
9.Be2 Nhf6 10.Ng5 Nb8 11.Qb3 Nc6 12.c5+ d5 13.O-O h6 14.Nf3 e6 15.Ne5 Ne7 
16.Qc2 Nd7 17.Nd3 Nf6 18.b4 Bd7 19.b5 g5 20.Ne5 Be8 21.g4 Nd7 22.f4 Nxe5 
23.fxe5 Bg6 24.Bd3 Qe8 25.Rf2 fxg4 26.Rxf8+ Bxf8 27.hxg4 Bxd3 28.Qxd3 Qg6 
29.Qxg6+ Nxg6 30.Rc1 Be7 31.Bg3 Kf7 32.Kf2 Rf8 33.Ke2 Ke8 34.Na4 Kf7 35.
Be1 Ra8 36.Ba5 a6 37.b6 c6 38.Rh1 Kg7 39.Be1 Nf8 40.Nb2 Nd7 1/2-1/2

[Event "6th EUR-ch (w)"]
[Site "Chisinau MDA"]
[Date "2005.06.23"]
[Round "12"]
[White "Milliet, Sophie"]
[Black "Gvetadze, Sopio"]
[Result "1-0"]
[WhiteElo "2319"]
[BlackElo "2283"]
[EventDate "2005.06.10"]
[PlyCount "63"]

1.e4 c6 2.d4 g6 3.Nc3 Bg7 4.Nf3 d6 5.Be3 Nf6 6.Qd2 Nbd7 7.Bh6 Bxh6 8.Qxh6 
Qa5 9.Bd3 Qh5 10.Qd2 O-O 11.Ne2 Kg7 12.Ng3 Qh6 13.Ng5 e5 14.h4 exd4 15.h5 
Nc5 16.hxg6 Nxd3+ 17.cxd3 Qxg6 18.Nf3 Kh8 19.Rh6 Qg7 20.O-O-O Ng8 21.Rh5 
f6 22.Rdh1 Bg4 23.R5h4 c5 24.Qf4 Bxf3 25.Nf5 Qe7 26.Rxh7+ Qxh7 27.Rxh7+ 
Kxh7 28.Qxf3 Kg6 29.Qg4+ Kf7 30.Qg7+ Ke6 31.Qxb7 Rfb8 32.Ng7+ 1-0

[Event "6th EUR-ch (w)"]
[Site "Chisinau MDA"]
[Date "2005.06.23"]
[Round "12"]
[White "Smochina, Carolina"]
[Black "Fakhiridou, Ekaterini"]
[Result "1/2-1/2"]
[WhiteElo "2307"]
[BlackElo "2247"]
[EventDate "2005.06.10"]
[PlyCount "43"]

1.c4 e5 2.Nc3 d6 3.g3 Nf6 4.Bg2 c6 5.d3 Be7 6.Nf3 O-O 7.O-O Nbd7 8.Rb1 Re8
9.b4 Bf8 10.a4 Qc7 11.Nd2 a5 12.b5 Nc5 13.Nde4 Nfxe4 14.Nxe4 Nxe4 15.Bxe4 
Bh3 16.Bg2 Bxg2 17.Kxg2 d5 18.cxd5 cxd5 19.Qb3 Qd7 20.Ba3 Re6 21.Bxf8 Rxf8
22.Rbc1 1/2-1/2

[Event "6th EUR-ch (w)"]
[Site "Chisinau MDA"]
[Date "2005.06.23"]
[Round "12"]
[White "Susterman, Anja"]
[Black "Velikhanli, Firuza"]
[Result "1/2-1/2"]
[WhiteElo "2250"]
[BlackElo "2303"]
[EventDate "2005.06.10"]
[PlyCount "68"]

1.e4 d6 2.d4 Nf6 3.Nc3 g6 4.h3 Bg7 5.Nf3 O-O 6.Be3 c6 7.Qd2 b5 8.Bd3 Re8 
9.O-O a6 10.Bh6 e5 11.dxe5 dxe5 12.a4 Bb7 13.Ne2 Nbd7 14.Ng3 Nc5 15.Bxg7 
Kxg7 16.Qg5 Ng8 17.Qxd8 Raxd8 18.axb5 cxb5 19.Ne1 Ne7 20.f3 Nc6 21.Kf2 Nb4
22.Ke3 Rd7 23.Ne2 Ncxd3 24.cxd3 f5 25.Rc1 f4+ 26.Kd2 Nc6 27.Rc5 Red8 28.g3
g5 29.h4 h6 30.hxg5 hxg5 31.gxf4 gxf4 32.Rg1+ Kf6 33.Rh1 Kg6 34.Rg1+ Kf6 
1/2-1/2

[Event "6th EUR-ch (w)"]
[Site "Chisinau MDA"]
[Date "2005.06.23"]
[Round "12"]
[White "Nill, Jessica"]
[Black "Mirzoeva, Elmira"]
[Result "1-0"]
[WhiteElo "2290"]
[BlackElo "2232"]
[EventDate "2005.06.10"]
[PlyCount "87"]

1.d4 Nf6 2.c4 e5 3.dxe5 Ng4 4.Nf3 Bc5 5.e3 Nc6 6.a3 a5 7.Nc3 O-O 8.Be2 Re8
9.O-O Ncxe5 10.Nxe5 Nxe5 11.Kh1 d6 12.Nd5 c6 13.Nf4 a4 14.Bd2 Ng6 15.Nh5 
Qh4 16.f4 Bf5 17.Ng3 Bd7 18.e4 Bd4 19.Qc1 Qd8 20.Bc3 Bxc3 21.Qxc3 f6 22.
Rad1 Qc7 23.Qd2 c5 24.Bh5 Red8 25.Rfe1 Bc6 26.Nf5 Ra6 27.Qf2 Ne7 28.Ng3 
Rb6 29.Rd2 g6 30.Bf3 Be8 31.Red1 Bf7 32.Qf1 Nc6 33.e5 fxe5 34.Bxc6 bxc6 
35.fxe5 d5 36.Qf6 Re8 37.Re1 Qe7 38.Qf4 Be6 39.cxd5 Bxd5 40.Qxa4 Qg5 41.
Rde2 Kh8 42.Qc2 Re6 43.Qxc5 Rb5 44.Qf8# 1-0

[Event "6th EUR-ch (w)"]
[Site "Chisinau MDA"]
[Date "2005.06.23"]
[Round "12"]
[White "Makropoulou, Marina"]
[Black "Meshcheriakova, Evgenia"]
[Result "1-0"]
[WhiteElo "2285"]
[BlackElo "2193"]
[EventDate "2005.06.10"]
[PlyCount "69"]

1.e4 c5 2.Nf3 a6 3.Nc3 e6 4.d4 cxd4 5.Nxd4 b5 6.Bd3 Bb7 7.O-O b4 8.Nce2 
Nf6 9.Ng3 h5 10.Re1 Nc6 11.Nxc6 Bxc6 12.h3 d5 13.e5 h4 14.Nf5 Ne4 15.Bxe4 
dxe4 16.Nd6+ Bxd6 17.exd6 Bd5 18.c4 Bxc4 19.Rxe4 Rc8 20.b3 Bb5 21.Rxb4 Bc6
22.Rg4 Bd5 23.Bf4 Rg8 24.Qd4 Kf8 25.Rd1 f6 26.Rxh4 Qd7 27.Rg4 Rc2 28.Rg3 
Kf7 29.Qd3 Rc6 30.Qg6+ Kf8 31.Rxd5 exd5 32.Re3 Qf7 33.Qd3 Qb7 34.Re7 Qb5 
35.Qg6 1-0

[Event "6th EUR-ch (w)"]
[Site "Chisinau MDA"]
[Date "2005.06.23"]
[Round "12"]
[White "Ptacnikova, Lenka"]
[Black "Dolzhikova, Kateryna"]
[Result "1/2-1/2"]
[WhiteElo "2277"]
[BlackElo "2232"]
[EventDate "2005.06.10"]
[PlyCount "104"]

1.e4 c5 2.Nf3 d6 3.d4 cxd4 4.Nxd4 Nf6 5.Nc3 g6 6.Be3 Bg7 7.f3 O-O 8.Qd2 
Nc6 9.Bc4 Bd7 10.O-O-O Rc8 11.Bb3 Ne5 12.Kb1 Nc4 13.Bxc4 Rxc4 14.g4 b5 15.
b3 Rc8 16.Ndxb5 Qa5 17.a4 a6 18.Nd5 Qxd2 19.Nxe7+ Kh8 20.Rxd2 Rce8 21.
Nxg6+ fxg6 22.Nxd6 Re6 23.Rhd1 Ne8 24.Nf5 Bc6 25.Nd4 Bxd4 26.Bxd4+ Kg8 27.
Rd3 g5 28.Kb2 Rf7 29.Ka3 Rh6 30.Be5 Re6 31.Bb2 Rh6 32.Be5 Re6 33.Bb2 Rh6 
34.Bc1 Rxh2 35.Rc3 Bd7 36.Bxg5 Kg7 37.Bc1 h5 38.gxh5 Rxh5 39.f4 Nf6 40.e5 
Ne4 41.Rc4 Bf5 42.Re1 Rh2 43.Rexe4 Bxe4 44.Rxe4 Rxc2 45.e6 Re7 46.Bb2+ Kg6
47.Re5 Rf2 48.Rg5+ Kh6 49.Re5 Kg6 50.Rg5+ Kh6 51.Re5 Kg6 52.Rg5+ Kh6 
1/2-1/2

[Event "6th EUR-ch (w)"]
[Site "Chisinau MDA"]
[Date "2005.06.23"]
[Round "12"]
[White "Olarasu, Gabriela"]
[Black "Alexanian, Nelli"]
[Result "0-1"]
[WhiteElo "2353"]
[BlackElo "2211"]
[EventDate "2005.06.10"]
[PlyCount "70"]

1.d4 Nf6 2.Nf3 c5 3.d5 b5 4.a4 Bb7 5.axb5 Bxd5 6.Bg5 e6 7.Nc3 Bxf3 8.gxf3 
d5 9.e4 d4 10.e5 Qc7 11.f4 dxc3 12.Bxf6 gxf6 13.Bg2 cxb2 14.Ra2 fxe5 15.
Rxb2 e4 16.Bxe4 Qxf4 17.Qd3 Qc1+ 18.Ke2 Qxb2 19.Bxa8 Qe5+ 20.Qe4 Qxe4+ 21.
Bxe4 Bg7 22.Rg1 Be5 23.Rg5 f6 24.Rh5 f5 25.Bd3 Nd7 26.Bc4 Ke7 27.Rh6 Nf6 
28.Rh3 Rd8 29.Re3 Ng4 30.Ra3 Bb8 31.Rh3 Bf4 32.Rxh7+ Kf6 33.Rxa7 Rd2+ 34.
Ke1 Rxf2 35.Be2 Rxh2 0-1

[Event "6th EUR-ch (w)"]
[Site "Chisinau MDA"]
[Date "2005.06.23"]
[Round "12"]
[White "Eidelson, Rakhil"]
[Black "Lupik, Marina"]
[Result "0-1"]
[WhiteElo "2268"]
[BlackElo "2123"]
[EventDate "2005.06.10"]
[PlyCount "74"]

1.d4 d5 2.c4 e6 3.Nf3 Nf6 4.cxd5 exd5 5.Nc3 c6 6.Bg5 Be7 7.Qc2 h6 8.Bh4 
O-O 9.e3 Re8 10.Bd3 Ne4 11.Bxe7 Qxe7 12.O-O Nd7 13.Rae1 Nf8 14.Nd2 Bf5 15.
Nb3 Bh7 16.f4 Nxc3 17.bxc3 Bxd3 18.Qxd3 Nd7 19.Nd2 Nf6 20.c4 b6 21.Nf3 
Rad8 22.Ne5 Qb7 23.cxd5 cxd5 24.Rc1 Rc8 25.Qf5 Rc7 26.g4 Ne4 27.g5 g6 28.
Nxg6 fxg6 29.Qxg6+ Kf8 30.Qxh6+ Rg7 31.f5 Kg8 32.h4 Qd7 33.Rf4 Ng3 34.f6 
Ne2+ 35.Kf2 Nxc1 36.g6 Nd3+ 37.Kf1 Nxf4 0-1

[Event "6th EUR-ch (w)"]
[Site "Chisinau MDA"]
[Date "2005.06.23"]
[Round "12"]
[White "Tarasova, Viktoria"]
[Black "Van Weersel, Arlette"]
[Result "1/2-1/2"]
[WhiteElo "2268"]
[BlackElo "2158"]
[EventDate "2005.06.10"]
[PlyCount "49"]

1.Nf3 Nf6 2.g3 d5 3.b3 Bg4 4.Bg2 c6 5.Bb2 Nbd7 6.d3 e6 7.O-O Bd6 8.c4 O-O 
9.Nc3 Re8 10.Qc2 Rc8 11.e4 Bxf3 12.Bxf3 d4 13.Ne2 e5 14.Bg2 Nc5 15.h3 Bc7 
16.Qd2 a5 17.f4 Ne6 18.f5 Nc5 19.g4 Nfd7 20.g5 f6 21.h4 Kf7 22.Rf3 Rh8 23.
Rg3 Qe7 24.Bf3 Rcg8 25.Kf2 1/2-1/2

[Event "6th EUR-ch (w)"]
[Site "Chisinau MDA"]
[Date "2005.06.23"]
[Round "12"]
[White "Foisor, Sabina-Francesca"]
[Black "Szczepkowska, Karina"]
[Result "0-1"]
[WhiteElo "2210"]
[BlackElo "2264"]
[EventDate "2005.06.10"]
[PlyCount "88"]

1.d4 d6 2.c4 e5 3.e3 Nc6 4.Nc3 g6 5.Nge2 Bg7 6.h3 exd4 7.exd4 Nge7 8.d5 
Ne5 9.Nd4 Nf5 10.Nxf5 Bxf5 11.Be3 g5 12.Be2 h5 13.Qd2 Bf6 14.O-O-O Rg8 15.
f3 h4 16.Rhf1 Bh7 17.Rg1 Qe7 18.g3 O-O-O 19.f4 gxf4 20.gxf4 Nd7 21.Bg4 Kb8
22.Rge1 Qf8 23.Bxa7+ Kc8 24.Bd4 Bxd4 25.Qxd4 f5 26.Be2 Rg3 27.Bf1 Nc5 28.
Rd2 Ne4 29.Nxe4 fxe4 30.Rf2 Qf5 31.Re3 Rdg8 32.Be2 Qxh3 33.Bf1 Qf5 34.Rfe2
Qxf4 35.Re1 h3 36.Kc2 Qf2+ 37.Qd2 Qxd2+ 38.Kxd2 Bf5 39.Bxh3 Bxh3 40.Rxg3 
Rxg3 41.Rxe4 Bf5 42.Rf4 Bg6 43.Rf8+ Kd7 44.Rb8 b6 0-1

[Event "6th EUR-ch (w)"]
[Site "Chisinau MDA"]
[Date "2005.06.23"]
[Round "12"]
[White "Partac, Elena"]
[Black "Chulivska, Vita"]
[Result "0-1"]
[WhiteElo "2190"]
[BlackElo "2262"]
[EventDate "2005.06.10"]
[PlyCount "55"]

1.e4 c5 2.Nf3 d6 3.d4 cxd4 4.Qxd4 Nc6 5.Bb5 Bd7 6.Bxc6 Bxc6 7.Nc3 Nf6 8.
Bg5 e6 9.O-O-O Be7 10.Qd3 O-O 11.Nd4 Qc7 12.f4 Rfd8 13.h4 a6 14.f5 e5 15.
Bxf6 Bxf6 16.Nf3 Rac8 17.Rd2 b5 18.g4 Qa5 19.Kb1 b4 20.Nd5 Bxd5 21.Qxd5 
Rc5 22.Qb3 d5 23.g5 dxe4 24.gxf6 exf3 25.Rg1 Rcd5 26.Qxf3 Rxd2 27.Qh5 Qd5 
28.Kc1 0-1

[Event "6th EUR-ch (w)"]
[Site "Chisinau MDA"]
[Date "2005.06.23"]
[Round "12"]
[White "Sarakauskiene, Zivile"]
[Black "Galoian, Lilit"]
[Result "0-1"]
[WhiteElo "2177"]
[BlackElo "2256"]
[EventDate "2005.06.10"]
[PlyCount "104"]

1.e4 c5 2.Nf3 Nc6 3.d4 cxd4 4.Nxd4 e6 5.Nc3 Qc7 6.Be2 a6 7.O-O Nf6 8.Kh1 
Bb4 9.Bg5 Bxc3 10.Bxf6 gxf6 11.bxc3 Ne7 12.c4 d6 13.Qd2 e5 14.Nb3 Ng6 15.
Rfd1 Ke7 16.Rab1 Rd8 17.c5 dxc5 18.Qxd8+ Qxd8 19.Rxd8 Kxd8 20.Nxc5 Kc7 21.
Bc4 b6 22.Bd5 Ra7 23.Na4 b5 24.Nc3 Kd8 25.Rd1 Ke7 26.Bb3 Be6 27.g3 Rc7 28.
Rd3 Nf8 29.f4 b4 30.Nd5+ Bxd5 31.Rxd5 Nd7 32.Kg2 Rc3 33.Rd3 Rxd3 34.cxd3 
Nc5 35.Bc4 a5 36.Kf3 Ne6 37.Ke3 Nd4 38.h3 a4 39.Kd2 h6 40.f5 Kd6 41.Bxf7 
a3 42.Kc1 Ne2+ 43.Kc2 Nxg3 44.Kb3 Kc5 45.Bc4 Ne2 46.Ka4 Nf4 47.h4 Ng2 48.
h5 Nf4 49.Bf7 Nxd3 50.Kb3 Nc1+ 51.Kc2 Ne2 52.Kb3 Ng3 0-1

[Event "6th EUR-ch (w)"]
[Site "Chisinau MDA"]
[Date "2005.06.23"]
[Round "12"]
[White "Makka, Ioulia"]
[Black "Padurariu, Ioana-Smaranda"]
[Result "1-0"]
[WhiteElo "2250"]
[BlackElo "2153"]
[EventDate "2005.06.10"]
[PlyCount "93"]

1.e4 e6 2.Qe2 d5 3.exd5 Qxd5 4.Nc3 Qd8 5.Nf3 Nc6 6.g3 Nf6 7.Bg2 Be7 8.O-O 
O-O 9.b3 Rb8 10.Bb2 b6 11.a3 Bb7 12.Nd1 Qc8 13.Re1 Nd8 14.Ne3 Re8 15.Nc4 
b5 16.Nce5 c5 17.d4 Be4 18.dxc5 Bxc5 19.Nd3 Bxd3 20.cxd3 Ng4 21.d4 Bb6 22.
h3 Nf6 23.Ne5 Re7 24.Rac1 Rc7 25.Rxc7 Qxc7 26.d5 h6 27.Ng4 Nxg4 28.Qxg4 f5
29.Qf3 Nf7 30.dxe6 Ng5 31.Qf4 Re8 32.Qxc7 Bxc7 33.h4 Nxe6 34.Bc6 Re7 35.
Bxb5 Kf8 36.Bc4 Nc5 37.Rxe7 Kxe7 38.Bxg7 h5 39.Bh6 Bd6 40.Be3 a5 41.b4 
axb4 42.axb4 Nd7 43.b5 Bc7 44.Be2 Nf6 45.b6 Bd6 46.b7 Nd7 47.Ba7 1-0

[Event "6th EUR-ch (w)"]
[Site "Chisinau MDA"]
[Date "2005.06.23"]
[Round "12"]
[White "Iodo, Anna"]
[Black "Laesson, Tuulikki"]
[Result "1/2-1/2"]
[WhiteElo "2176"]
[BlackElo "2246"]
[EventDate "2005.06.10"]
[PlyCount "81"]

1.e4 d5 2.exd5 Nf6 3.c4 e6 4.dxe6 Bxe6 5.Be2 Nc6 6.Nf3 Bc5 7.O-O Qd6 8.Nc3
a6 9.a3 Nd4 10.b4 Ng4 11.g3 Nxf3+ 12.Bxf3 Bxf2+ 13.Rxf2 Nxf2 14.Kxf2 Qd4+ 
15.Kg2 O-O-O 16.Qe2 Rhe8 17.Qf1 Bxc4 18.Qf2 f5 19.Qxd4 Rxd4 20.Kf2 g5 21.
Ne2 Rd3 22.Nc3 g4 23.Bg2 h5 24.Nd1 f4 25.Nb2 Rd4 26.Nxc4 Rxc4 27.Bb2 f3 
28.Bf1 Rce4 29.Bc3 Kb8 30.d3 R4e6 31.Re1 Rxe1 32.Bxe1 b5 33.Bd2 Kb7 34.Be3
Kc6 35.d4 Kd5 36.Bd3 Re6 37.Bf5 Rc6 38.Bh7 Rc3 39.Bg8+ Ke4 40.Bh7+ Kd5 41.
Bg8+ 1/2-1/2

[Event "6th EUR-ch (w)"]
[Site "Chisinau MDA"]
[Date "2005.06.23"]
[Round "12"]
[White "Kucherenko, Olena"]
[Black "Ionica, Iulia-Ionela"]
[Result "0-1"]
[WhiteElo "2079"]
[BlackElo "2245"]
[EventDate "2005.06.10"]
[PlyCount "84"]

1.e4 c5 2.Nc3 Nc6 3.g3 g6 4.Bg2 Bg7 5.d3 d6 6.Be3 Rb8 7.Qd2 b5 8.Nge2 Nd4 
9.h3 e6 10.Nd1 b4 11.Nc1 Ne7 12.c3 bxc3 13.bxc3 Ndc6 14.Bh6 O-O 15.h4 f6 
16.Bxg7 Kxg7 17.h5 g5 18.O-O h6 19.Ne3 Ba6 20.f4 Qb6 21.Bh3 e5 22.Be6 Nd8 
23.Bb3 exf4 24.gxf4 c4 25.dxc4 Ne6 26.Nd3 Bb7 27.Kh2 Bxe4 28.Nf2 Bh7 29.
fxg5 fxg5 30.c5 Qxc5 31.Neg4 d5 32.Rae1 Bf5 33.Nd3 Qd6+ 34.Nge5 Bxd3 35.
Qxd3 Rxf1 36.Qxf1 Rf8 37.Qd3 Nc5 38.Qd4 Nxb3 39.axb3 Nc6 40.Qg1 Re8 41.Qg3
Rxe5 42.Kg2 Qe7 0-1

[Event "6th EUR-ch (w)"]
[Site "Chisinau MDA"]
[Date "2005.06.23"]
[Round "12"]
[White "Muzychuk, Maria"]
[Black "Bensdorp, Marlies"]
[Result "1/2-1/2"]
[WhiteElo "2059"]
[BlackElo "2232"]
[EventDate "2005.06.10"]
[PlyCount "61"]

1.e4 e6 2.d4 d5 3.exd5 exd5 4.Nf3 Nc6 5.h3 Bd6 6.Be2 Nge7 7.O-O O-O 8.c4 
dxc4 9.Bxc4 Bf5 10.Nc3 a6 11.Bg5 h6 12.Bh4 Qd7 13.d5 Ne5 14.Nxe5 Bxe5 15.
Qf3 Bg6 16.Rfe1 Bd6 17.Ne4 Nf5 18.Bf6 Rfe8 19.Bc3 Be7 20.Rad1 b5 21.Bb3 
Nd6 22.Nc5 Qf5 23.Qg3 Bf6 24.Bxf6 Qxf6 25.Qc3 Qxc3 26.bxc3 Ne4 27.Nxe4 
Bxe4 28.d6 cxd6 29.Rxd6 Bc6 30.Rxe8+ Bxe8 31.Bd5 1/2-1/2

[Event "6th EUR-ch (w)"]
[Site "Chisinau MDA"]
[Date "2005.06.23"]
[Round "12"]
[White "Paulet, Iozefina"]
[Black "Cherednichenko, Svetlana"]
[Result "1-0"]
[WhiteElo "2051"]
[BlackElo "2230"]
[EventDate "2005.06.10"]
[PlyCount "61"]

1.d4 Nf6 2.Bg5 g6 3.Bxf6 exf6 4.e3 f5 5.g3 Bg7 6.Bg2 O-O 7.Ne2 Nc6 8.c4 b6
9.O-O Bb7 10.b4 Qc8 11.Qa4 Nd8 12.Bxb7 Nxb7 13.Nbc3 c5 14.dxc5 bxc5 15.b5 
g5 16.Rad1 Kh8 17.Qc2 Na5 18.Qxf5 h6 19.Qd3 f5 20.Nd5 Rf7 21.Nc1 Qf8 22.
Nb3 Nb7 23.a4 Re8 24.a5 Re6 25.b6 axb6 26.a6 Na5 27.a7 Rc6 28.Nxa5 bxa5 
29.Rb1 Rc8 30.Nb6 Rd8 31.Qd5 1-0

[Event "6th EUR-ch (w)"]
[Site "Chisinau MDA"]
[Date "2005.06.23"]
[Round "12"]
[White "Voicu, Carmen"]
[Black "Stiri, Alexandra"]
[Result "1-0"]
[WhiteElo "2310"]
[BlackElo "2181"]
[EventDate "2005.06.10"]
[PlyCount "95"]

1.e4 c5 2.Nf3 e6 3.d4 cxd4 4.Nxd4 a6 5.Nc3 b5 6.Bd3 Qb6 7.Nf3 Bb7 8.O-O d6
9.a4 b4 10.Nb1 Nf6 11.Nbd2 Nc6 12.Qe2 Be7 13.Nc4 Qc7 14.Bf4 O-O 15.Rfe1 
Nd7 16.a5 Nc5 17.Be3 Rad8 18.Bxc5 dxc5 19.c3 Rfe8 20.e5 f5 21.Nfd2 Na7 22.
Nb6 Nb5 23.Bxb5 axb5 24.c4 bxc4 25.Ndxc4 Rd4 26.a6 Ba8 27.f3 Qc6 28.b3 Rb8
29.Nxa8 Rxa8 30.Ne3 c4 31.Nxc4 Rxa6 32.Rac1 Qa8 33.Ne3 Ra5 34.Rc7 Bd8 35.
Rc4 Bb6 36.Rxd4 Bxd4 37.Qc4 Ra1 38.Qxe6+ Kh8 39.Rxa1 Qxa1+ 40.Kf2 h6 41.
Qc8+ Kh7 42.Qxf5+ Kh8 43.e6 Qb2+ 44.Kg3 Bf6 45.Nd5 Qa1 46.Kh3 Qd4 47.Nxf6 
gxf6 48.e7 1-0

[Event "6th EUR-ch (w)"]
[Site "Chisinau MDA"]
[Date "2005.06.23"]
[Round "12"]
[White "Mar, Karmen"]
[Black "Dragomirescu, Angela"]
[Result "0-1"]
[WhiteElo "2119"]
[BlackElo "2241"]
[EventDate "2005.06.10"]
[PlyCount "86"]

1.e4 d6 2.d4 Nf6 3.Nc3 g6 4.Be3 c6 5.Qd2 b5 6.Bd3 Nbd7 7.Nf3 Bb7 8.O-O e5 
9.a4 a6 10.dxe5 dxe5 11.Ne1 Ng4 12.Bg5 Be7 13.Bxe7 Qxe7 14.h3 Ngf6 15.axb5
cxb5 16.f4 O-O 17.f5 b4 18.Nd5 Nxd5 19.exd5 e4 20.Be2 Qc5+ 21.Kh1 e3 22.
Qd3 a5 23.Qe4 Bxd5 24.Qh4 Rfe8 25.Rd1 Nb6 26.Qh6 Qf8 27.Qf4 Rac8 28.b3 Rc3
29.Rd4 Bc6 30.Qh4 Nd7 31.Rg4 Ne5 32.Rg3 Bd5 33.Qd4 Bc6 34.h4 Nd7 35.h5 Re4
36.Qa7 Qd6 37.Rff3 Qd2 38.fxg6 hxg6 39.hxg6 Qxe1+ 40.Rf1 Rh4+ 41.Kg1 Qxg3 
42.gxf7+ Kf8 43.Bf3 Qh2# 0-1